000
00280nam a2200097Ia 4500
008
230915s9999 xx 000 0 und d
050
_a
TR146.L66.C.2
100
_a
BARBARA LONDON
245
2
_a
A SHORT COURSE IN PHOTOGRAPHY: AN INTRODUCTION TO PHOTOGRAPHIC TECHNIQUE
942
_c
BK
999
_c
205656
_d
205656